| 000 | 00353nam a22001217a 4500 | ||
|---|---|---|---|
| 008 | 230626b xxu||||| |||| 00| 0 eng d | ||
| 082 |
_a332.1 _bCBK |
||
| 100 | _cCentral Bank of Kenya | ||
| 245 |
_aLaws of Kenya _bThe Banking Act Chapter 488 and The Central Bank of Kenya Act |
||
| 260 |
_bCentral Bank of Kenya _c2000 |
||
| 300 | _a136p | ||
| 942 |
_2ddc _cBK |
||
| 999 |
_c2748 _d2748 |
||